000 00641nam a22002297a 4500
003 UA-OsUOA
001 28625
007 ta
008 20050414b un ||||| |||| 00| 0 ukr d
090 _a94(47+57)
_bС56
942 _cBK
040 _aUA-OsUOA
_brus
_cUA-OsUOA
_dUA-OsUOA
245 _aКонференция представителей СССР, США, Великобритании в Думбартон-ОКсе (21 авг. - 28 сент. 1944 г.)
300 _a294 с.
_bІлюстрації
955 _a0
041 _arus
080 _a94(47+57)
260 _c1978
044 _aRU
650 7 _2UDC
999 _c314994
_d314994